000 00657nam a22001457a 4500
999 _c80369
_d80369
008 201130b ||||| |||| 00| 0 eng d
040 _bger
_cSTAFF
_erda
_aISIL EINTRAGEN
100 _aBias, Beate
245 _aBrandenburgs Kliniken stoßen an ihre Belastungsgrenzen:
_bPandemie: Lage spitzt sich in den Krankenhäusern und Pflegeeinrichtungen zu. Rehakliniken des Landes müssen Patienten aufnehmen.
_cBeate Bias
773 _dFrankfurt (Oder): Märkisches Verlags- und Druckhaus GmbH & Co KG
_g31. Jahrgang (2020) Nr. 287 vom 09.12.2020, S. 1
_tMärkische Oderzeitung
942 _cA